Extending the linear model with R : generalized linear, mixed effects and nonparametric regression models
Αποθηκεύτηκε σε:
| Κύριος συγγραφέας: | |
|---|---|
| Μορφή: | Βιβλίο |
| Γλώσσα: | English |
| Δημοσίευση: |
Boca Raton :
Chapman & Hall/CRC,
2006
|
| Σειρά: | Texts in statistical science
|
| Θέματα: | |
| Ετικέτες: |
Προσθήκη ετικέτας
Δεν υπάρχουν, Καταχωρήστε ετικέτα πρώτοι!
|
MARC
| LEADER | 00000nam a2200000 i 4500 | ||
|---|---|---|---|
| 001 | 1/90573 | ||
| 008 | 080704s2006 eng d | ||
| 020 | |a 1-58488-424-X | ||
| 035 | |l 10098746 | ||
| 040 | |a GR-MY-UA |b gre |e aacr | ||
| 041 | 0 | |a eng | |
| 082 | 0 | |a 519.5 |2 (22) | |
| 100 | 1 | |a Faraway, Julian James. | |
| 245 | 1 | 0 | |a Extending the linear model with R : |b generalized linear, mixed effects and nonparametric regression models / |c Julian J. Faraway |
| 260 | |a Boca Raton : |b Chapman & Hall/CRC, |c 2006 | ||
| 300 | |a ix, 301 σ.; |b εικ.; |c 25 εκ. | ||
| 490 | 1 | |a Chapman & Hall/CRC. texts in statistical science series | |
| 504 | |a Βιβλιογραφία: σ. 289-295 | ||
| 504 | |a Ευρετήριο: σ. [297]-301 | ||
| 650 | 0 | 0 | |a Analysis of variance. |
| 650 | 0 | 0 | |a Regression analysis. |
| 650 | 0 | 0 | |a R (Computer program language) |x Mathematical models. |
| 830 | 0 | |a Texts in statistical science | |
| 852 | |a INST |b LESVOS |e 20080704 |h 519.5 FAR |p 005100041725 |q 005100041725 |t BK |y 0 | ||
| 901 | |a BIBL1-2008-2 | ||
| 909 | |a Λ |b 143220 | ||
| 922 | |a 1ΕΛΗ |b 200712 |c ΕΠΕΑΕΚ2/ΤΓ |d ΠΑΠΑΣΩΤΗΡΙΟΥ | ||
| 970 | |a ΚΑΡΑ |b ΓΙΑΣΕΜΗ |z 2008/07/04 | ||